Repercusión de la Revolución Socialista de Octubre y desarrollo del movimiento obrero y comunista en América Latina
Сохранить в:
| Главный автор: | |
|---|---|
| Формат: | Текст |
| Опубликовано: |
s.n.t. :
|
| Метки: |
Добавить метку
Нет меток, Требуется 1-ая метка записи!
|
MARC
| LEADER | 00000 a a2200000 04500 | ||
|---|---|---|---|
| 001 | 15750 | ||
| 003 | |||
| 040 | |||
| 090 | |a 014100 | ||
| 100 | |a Guerra Vilaboy, Sergio | ||
| 245 | |a Repercusión de la Revolución Socialista de Octubre y desarrollo del movimiento obrero y comunista en América Latina | ||
| 260 | |a s.n.t. : | ||
| 300 | |a 84 p. | ||
| 999 | |c 11406 |d 11406 | ||
